000 00280nam a22001097a 4500
082 _a621.902 APP
100 _aPDF
_956879
245 _aAPPLIANCES AND SPECIAL TOOLS FOR MAINTENANCE AND REPAIR OF SOVIET AUTOMOBILES
260 _aMOSCOW
_bPDF
_c1969
300 _a330P
942 _cBK
999 _c580163
_d580163